Microeconomia con aplicaciones a America Latina/ (Registro nro. 7915)
[ vista simple ]
| 000 -LEADER | |
|---|---|
| fixed length control field | 01930nam a2200217Ia 4500 |
| 005 - FECHA Y HORA DE LA ÚLTIMA TRANSACCIÓN | |
| control field | 20241022140917.0 |
| 008 - FIXED-LENGTH DATA ELEMENTS--GENERAL INFORMATION | |
| fixed length control field | 230420s9999 xx 000 0 und d |
| 020 ## - INTERNATIONAL STANDARD BOOK NUMBER | |
| International Standard Book Number | 9786071505570 |
| 040 ## - CATALOGING SOURCE | |
| Original cataloging agency | UPAN |
| Transcribing agency | Biblioteca San Vicente |
| Description conventions | RCAA2 |
| 041 ## - LANGUAGE CODE | |
| Language code of text/sound track or separate title | spa |
| 082 ## - DEWEY DECIMAL CLASSIFICATION NUMBER | |
| Classification number | 338.5 |
| Item number | M663m |
| año de publicación | 2011 |
| 100 ## - MAIN ENTRY--PERSONAL NAME | |
| Personal name | Mochon, Francisco |
| Relator code | aut. |
| 245 #0 - TITLE STATEMENT | |
| Title | Microeconomia con aplicaciones a America Latina/ |
| Remainder of title | Francisco Mochòn |
| 250 ## - EDITION STATEMENT | |
| Edition statement | 1° ed. |
| 260 ## - PUBLICATION, DISTRIBUTION, ETC. (IMPRINT) | |
| Place of publication, distribution, etc | Mexico: |
| Name of publisher, distributor, etc | Mc Graw Hill, |
| Date of publication, distribution, etc | 2011 |
| 300 ## - PHYSICAL DESCRIPTION | |
| Extent | 373 p.: |
| Dimensions | 27 cm. |
| 505 ## - FORMATTED CONTENTS NOTE | |
| Formatted contents note | Parte 1. Introducciòn<br/>Capitulo 1. Un enfoque global de la economìa<br/>Capitulo 2. Economìas: conncepto, mètodo e instrumentos <br/>Capitulo 3. Problemas econòmicos bàsicos: frontera de posibilidades de producciòn y otros conceptos<br/>Capitulo 4. Especializaciòn, intercambio y sistemas econòmicos<br/>Parte 2. El funcionamiento del mercado<br/>Capitulo 5. Oferta, demanda y mercado: aplicaciones<br/>Capitulo 6: Elasticidad y sus aplicaciones<br/>Parte 3. El consumidor y la demanda´<br/>Capitulo 7. Demanda y comportamiento del consumidor<br/>Parte 4. Las empresas y los mercados<br/>Capitulo 8. Empresa y producciòn<br/>Capitulo 9. Costos y maximizaciòn de beneficios<br/>Capitulo 10. La empresa en los mercados de competencia perfecta<br/>Capitulo 11. Monopolio<br/>Capitulo 12. Oligopolio y competencia monopolìstica<br/>Parte 5. Mercado de factores <br/>Capitulo 13. Mercado de trabajo<br/>Capitulo 14. Retribuciòn de losfactores, distribuciòn delingreso y desigualdad <br/>Parte 6. Los fallos del mercado y el papel del Estado<br/>Capitulo 15. Eficiencia y fallas del mercado: externalidades, bienes pùblicos e informaciòn asimètrica<br/>Capitulo 16. Funciòn del Estado en la economìa: impuestos y regulaciòn |
| 650 ## - SUBJECT ADDED ENTRY--TOPICAL TERM | |
| Source of heading or term | LEMB |
| Topical term or geographic name as entry element | Economia |
| 700 ## - ADDED ENTRY--PERSONAL NAME | |
| Personal name | Victor Carreon |
| Relator code | col. |
| 942 ## - ADDED ENTRY ELEMENTS (KOHA) | |
| Koha item type | Libros |
| Source of classification or shelving scheme | Dewey Decimal Classification |
| Withdrawn status | Lost status | Source of classification or shelving scheme | Damaged status | Not for loan | Collection code | Home library | Current library | Date acquired | Total Checkouts | Full call number | Barcode | Date last seen | Price effective from | Koha item type |
|---|---|---|---|---|---|---|---|---|---|---|---|---|---|---|
| Dewey Decimal Classification | Colección General | Biblioteca UPAN San Vicente | Biblioteca UPAN San Vicente | 20/04/2023 | 338.5 M663m | 12003894 | 20/04/2023 | 20/04/2023 | Libros | |||||
| Dewey Decimal Classification | Colección General | Biblioteca UPAN San Vicente | Biblioteca UPAN San Vicente | 20/04/2023 | 338.5 M663m | 12003892 | 23/04/2023 | 20/04/2023 | Libros | |||||
| Dewey Decimal Classification | Colección General | Biblioteca UPAN San Vicente | Biblioteca UPAN San Vicente | 20/04/2023 | 338.5 M663m | 12003893 | 23/04/2023 | 20/04/2023 | Libros | |||||
| Dewey Decimal Classification | Colección General | Biblioteca UPAN San Vicente | Biblioteca UPAN San Vicente | 20/04/2023 | 338.5 M663m | 12002852 | 23/04/2023 | 20/04/2023 | Libros | |||||
| Dewey Decimal Classification | Colección General | Biblioteca UPAN San Vicente | Biblioteca UPAN San Vicente | 20/04/2023 | 338.5 M663m | 12002853 | 23/04/2023 | 20/04/2023 | Libros | |||||
| Dewey Decimal Classification | Colección General | Biblioteca UPAN San Vicente | Biblioteca UPAN San Vicente | 20/04/2023 | 338.5 M663m | 12002851 | 23/04/2023 | 20/04/2023 | Libros |